Harry seidler : (Record no. 352573)

000 -LEADER
fixed length control field 01167 a2200289 4500
003 - CONTROL NUMBER IDENTIFIER
control field OSt
005 - DATE AND TIME OF LATEST TRANSACTION
control field 20180116192339.0
008 - FIXED-LENGTH DATA ELEMENTS--GENERAL INFORMATION
fixed length control field 120525t xxu||||| |||| 00| 0 eng d
020 ## - INTERNATIONAL STANDARD BOOK NUMBER
International Standard Book Number 1875498753 (hardcover)
020 ## - INTERNATIONAL STANDARD BOOK NUMBER
International Standard Book Number 9781875498758 (hardcover)
040 ## - CATALOGING SOURCE
Transcribing agency 0
082 04 - DEWEY DECIMAL CLASSIFICATION NUMBER
Classification number 720.92
100 1# - MAIN ENTRY--PERSONAL NAME
Personal name Seidler, Harry.
9 (RLIN) 2185
245 10 - TITLE STATEMENT
Title Harry seidler :
Remainder of title mas iii /
Statement of responsibility, etc. Harry Seidler, Stephen Dobney.
260 ## - PUBLICATION, DISTRIBUTION, ETC.
Place of publication, distribution, etc. Victoria :
Name of publisher, distributor, etc. Images Publishing Dist A/C,
Date of publication, distribution, etc. 2006.
300 ## - PHYSICAL DESCRIPTION
Extent 256 p. ;
Other physical details ill.,
Dimensions 30 cm.
490 1# - SERIES STATEMENT
Series statement The master architect.
500 ## - GENERAL NOTE
General note Includes bibliographical refrences and indexe
520 ## - SUMMARY, ETC.
Summary, etc. Winner of the prestigious RIBA's gold medal in 1996 Harry Seidler is recognised as one of the last decade's most outstanding contributors to international architecture.
600 ## - SUBJECT ADDED ENTRY--PERSONAL NAME
Personal name Seidler, Harry
Dates associated with a name 1923-2006
9 (RLIN) 2186
650 ## - SUBJECT ADDED ENTRY--TOPICAL TERM
Topical term or geographic name entry element Architecture, Modern
Geographic subdivision Australia
9 (RLIN) 2187
700 1# - ADDED ENTRY--PERSONAL NAME
Personal name Dobney, Stephen.
9 (RLIN) 2188
830 #4 - SERIES ADDED ENTRY--UNIFORM TITLE
Uniform title The master architect.
9 (RLIN) 2189
856 40 - ELECTRONIC LOCATION AND ACCESS
Materials specified Amazon.com
Uniform Resource Identifier <a href="http://www.amazon.com/exec/obidos/ASIN/1875498753/chopaconline-20">http://www.amazon.com/exec/obidos/ASIN/1875498753/chopaconline-20</a>
942 ## - ADDED ENTRY ELEMENTS (KOHA)
Institution code [OBSOLETE] SADA
Koha item type Reference
Call number prefix 720.92 SEI 1997
Source of classification or shelving scheme
Holdings
Withdrawn status Lost status Source of classification or shelving scheme Damaged status Not for loan Permanent Location Current Location Date acquired Total Checkouts Full call number Barcode Date last seen Cost, replacement price Price effective from Koha item type
          School of Art Design and Architecture (SADA) School of Art Design and Architecture (SADA) 02/17/2011   REF 720.92 SEI 1997 SADA0000647 08/05/2011 4291.00 08/05/2011 Reference
© 2023 Central Library, National University of Sciences and Technology. All Rights Reserved.